Varieties of tree languages definable by syntactic monoids
An algebraic characterization of the families of tree languages definable by syntactic monoids is presented. This settles a question raised by several authors.
Elmentve itt :
| Szerző: | |
|---|---|
| Dokumentumtípus: | Cikk |
| Megjelent: |
2005
|
| Sorozat: | Acta cybernetica
17 No. 1 |
| Kulcsszavak: | Számítástechnika, Kibernetika |
| Tárgyszavak: | |
| Online Access: | http://acta.bibl.u-szeged.hu/12751 |
| LEADER | 00896nab a2200217 i 4500 | ||
|---|---|---|---|
| 001 | acta12751 | ||
| 005 | 20220615124859.0 | ||
| 008 | 161015s2005 hu o 0|| eng d | ||
| 022 | |a 0324-721X | ||
| 040 | |a SZTE Egyetemi Kiadványok Repozitórium |b hun | ||
| 041 | |a eng | ||
| 100 | 1 | |a Salehi Saeed | |
| 245 | 1 | 0 | |a Varieties of tree languages definable by syntactic monoids |h [elektronikus dokumentum] / |c Salehi Saeed |
| 260 | |c 2005 | ||
| 300 | |a 21-41 | ||
| 490 | 0 | |a Acta cybernetica |v 17 No. 1 | |
| 520 | 3 | |a An algebraic characterization of the families of tree languages definable by syntactic monoids is presented. This settles a question raised by several authors. | |
| 650 | 4 | |a Természettudományok | |
| 650 | 4 | |a Számítás- és információtudomány | |
| 695 | |a Számítástechnika, Kibernetika | ||
| 856 | 4 | 0 | |u http://acta.bibl.u-szeged.hu/12751/1/Salehi_2005_ActaCybernetica.pdf |z Dokumentum-elérés |